| 000 | 00722nam a2200229Ia 4500 | ||
|---|---|---|---|
| 999 |
_c41107 _d41107 |
||
| 001 | 7757 | ||
| 003 | GE_BSU | ||
| 005 | 20220926103547.0 | ||
| 008 | 181216s2009en xx |||||||||||||| ||eng|| | ||
| 020 | _a9781401842505 | ||
| 040 | _cGE_BSU | ||
| 041 | _aeng | ||
| 080 | _a72+620 L-69 | ||
| 100 |
_aLieu,Dennis K. _914762 |
||
| 245 | 4 |
_aThe fundamentals of vizualization, modeling,and graphics for engineering design / _cDennis K. Lieu, Sorby, Sheryl. |
|
| 264 |
_aNew Yorkn: _bDelmar, _c2009. |
||
| 300 |
_a29 cm. _bCD-Rom |
||
| 653 | _aThe fundamentals of vizualization | ||
| 653 | _aვიზუალიზაციის საფუძვლები | ||
| 700 |
_a Sheryl, Sorby _914763 |
||
| 942 |
_cBK _2udc |
||